Joueurs emblématiques du Stade Toulousain - Statistiques

Statistiques générales
  • Ce quiz a été pris 343 fois
  • Le résultat moyen est 5 sur 9
Statistiques - réponses
Hint Réponse % Correct
L'entraîneur actuel Ugo Mola
92%
Le plus de points en sélection Vincent Clerc
78%
Le meilleur marqueur Vincent Clerc
78%
Entraîneur le plus titré Guy Noves
73%
Le plus capé en sélection Thierry Dusautoir
65%
Le plus de saisons Emile Ntamack
48%
Joueur le plus titré Emile Ntamack
48%
Le meilleur buteur Jean-Baptiste Élissalde
20%
Le plus capé Jean Bouilhou
6%
Aucun quiz correspondant
Distribution des résultats
% des personnes avec chaque résultat
Percentile par nombre de réponses
Votre historique - résultats
Vous n’avez pas pris ce quiz